| 000 | 009610am a2200253 004500 | ||
|---|---|---|---|
| 003 | EG-GiCUC | ||
| 008 | 070303s1979 ua g 000 0 ara d | ||
| 017 |
_a5884 / 1978 _bمصر.دار الكتب |
||
| 020 | _a977296 | ||
| 040 |
_aEG-GiCUC _bara _cEG-GiCUC |
||
| 050 | 4 |
_aBP188 _bM42 1979 |
|
| 092 | 0 | 4 |
_a212 _bM462 1979 _221 |
| 099 |
_a04 _a212 M462 1979 |
||
| 100 | 1 |
_aالماوردى : على بن محمد : _d974?-1058 |
|
| 245 | 1 | 0 |
_aادب الدنيا و الدين / _cلابى الحسن على بن محمد بن حبيب البصرى الماوردى ؛ حققة وشرح غوامضة عبدالله احمد ابوزينة |
| 260 |
_aالقاهرة : _bدار الشعب : _c1979 |
||
| 300 |
_a4مج فى1 ؛ _c24سم |
||
| 650 | 7 |
_aالاخلاق الاسلامية _2qrmak |
|
| 650 | 7 |
_aالاداب الاسلامية _2qrmak |
|
| 902 | _a1 | ||
| 905 |
_aبلتاجى _eمراجع |
||
| 905 |
_aجمال _eمدخل |
||
| 942 |
_2ddc _cBK |
||
| 999 |
_c92831 _d92831 |
||